Sports Quiz

Random Sports or NBA Quiz

Top paid NBA players 1997-98 Quiz Stats

 Plays Quiz not verified by Sporcle

Score 0/29 Timer 08:00
0 Plays Today
Team Player % Correct
CHIMichael Jordan
99%
LALShaquille O'Neal
96.4%
MILGlenn Robinson
92.7%
SASDavid Robinson
92.7%
NYKPatrick Ewing
90.6%
HOUHakeem Olajuwon
89.6%
UTHKarl Malone
87.5%
MIAAlonzo Mourning
87%
INDReggie Miller
84.9%
SEAGary Payton
84.9%
PHXKevin Johnson
75%
DETGrant Hill
74.5%
CLEShawn Kemp
67.7%
ATLDikembe Mutombo
64.6%
GSWLatrell Sprewell
57.3%
Team Player % Correct
ORLHorace Grant
53.6%
PORKenny Anderson
51.6%
WASJuwan Howard
50%
CHAVlade Divac
50%
TORWalt Williams
50%
PHIDerrick Coleman
47.9%
BOSDee Brown
34.9%
MINTom Gugliotta
32.8%
DALShawn Bradley
26%
NJNKendall Gill
24.5%
VANOtis Thorpe
13%
DENBryant Stith
10.9%
SACBilly Owens
9.4%
LACStojko Vrankovic
8.3%

You're not logged in!

Compare scores with friends on all Sporcle quizzes.
OR
Log In

Sporcle TV

Today on Sporcle TV


Watch our educational content, quiz creation guides, and fun videos on Sporcle TV.

Show Comments

Extras

Top Quizzes Today


Score Distribution

Your Account Isn't Verified!

In order to create a playlist on Sporcle, you need to verify the email address you used during registration. Go to your Sporcle Settings to finish the process.

Report this User

Report this user for behavior that violates our Community Guidelines.

Details: